Вып. 1; Ч. 1; Системы качества в образовании

מידע ביבליוגרפי
Parent link:Системы качества в образовании: Сборник/ Московский государственный институт стали и сплавов; под ред. Ю. П. Адлера. Вып. 1; Ч. 1.— , 2000
שפה:רוסית
יצא לאור: 2000
נושאים:
פורמט: ספר
KOHA link:https://koha.lib.tpu.ru/cgi-bin/koha/opac-detail.pl?biblionumber=27811

MARC

LEADER 00000nam0a2200000 4500
001 27811
005 20231030202337.0
010 |a 5876230871 
035 |a (RuTPU)RU\TPU\book\28064 
035 |a BOOK00028139 
090 |a 27811 
100 |a 20011209d2000 k y0rusy50 ca 
101 1 |a rus  |c eng 
102 |a RU 
105 |a y z 000|y 
200 0 |a Вып. 1; Ч. 1 
210 |d 2000 
215 |a 142 с. 
320 |a Библиогр. в конце статей 
461 |t Системы качества в образовании  |o Сборник  |o Пер. с англ.  |f Московский государственный институт стали и сплавов; под ред. Ю. П. Адлера  |v Вып. 1; Ч. 1  |d 2000  |s Качество 
610 1 |a педагогика 
610 1 |a образование 
610 1 |a образовательные услуги 
610 1 |a качество 
610 1 |a школьное образование 
610 1 |a вузовское образование 
610 1 |a системы качества 
686 |a Ч424  |v LBC/SL-A  |2 rubbk 
686 |a Ч484(2)  |v LBC/SL-A  |2 rubbk 
801 0 |a RU  |b 63413507  |c 20011209  |g PSBO 
801 2 |a RU  |b 63413507  |c 20170629  |g PSBO 
942 |c BK